Spanish language use and public life in the United States / (Record no. 145307)

MARC details
000 -LEADER
campo de control de longitud fija 00623nam a2200181 4500
001 - NÚMERO DE CONTROL
campo de control 145307
003 - IDENTIFICADOR DE NÚMERO DE CONTROL
campo de control ES-MaACL
007 - CAMPO FIJO DE DESCRIPCIÓN FÍSICA--INFORMACIÓN GENERAL
campo de control de longitud fija t|
008 - DATOS DE LONGITUD FIJA--INFORMACIÓN GENERAL
campo de control de longitud fija 070214s1985 gw r ||||1| eng d
245 00 - MENCIÓN DEL TÍTULO
Título Spanish language use and public life in the United States /
Mención de responsabilidad, etc. edited by Lucia Elías-Olivares [et. al.].
260 ## - PUBLICACIÓN, DISTRIBUCIÓN, ETC.
Lugar de publicación, distribución, etc. Berlin :
Nombre del editor, distribuidor, etc. Mouton,
Fecha de publicación, distribución, etc. 1985.
300 ## - DESCRIPCIÓN FÍSICA
Extensión 238 p. ;
Dimensiones 23 cm.
490 1# - MENCIÓN DE SERIE
Mención de serie Contributions to the sociology of language ;
Designación de volumen o secuencia 35
700 1# - ENTRADA AGREGADA--NOMBRE PERSONAL
Nombre de persona Elías-Olivares, Lucia.
9 (RLIN) 46977
830 0# - PUNTO DE ACCESO ADICIONAL DE SERIE-TÍTULO UNIFORME
Título uniforme Contributions to the sociology of language ;
Designación de volumen o secuencia 35
9 (RLIN) 220752
852 ## - LOCALIZACIÓN
Ubicación ES-MaACL
Número de control de estantería L-8531
Sublocalización o colección R.108947
Holdings
Estatus retirado Estado de pérdida Estado de daño No para préstamo Biblioteca de origen Biblioteca actual Ubicación en estantería Fecha de adquisición Fuente de adquisición Total de préstamos Signatura topográfica completa Código de barras Visto por última vez Precio de reemplazo Tipo de ítem Koha
        Biblioteca del Ateneo de Madrid Biblioteca del Ateneo de Madrid Depósito 2 17/01/2008     L-8531 1151678 23/02/2023 23/02/2023 Libro impreso